UBT Library

ABAP OBJECTS (Record no. 59227)

000 -LEADER
fixed length control field 00302nam a22001457a 4500
008 - FIXED-LENGTH DATA ELEMENTS--GENERAL INFORMATION
fixed length control field 221223b ||||| |||| 00| 0 eng d
020 ## - INTERNATIONAL STANDARD BOOK NUMBER
International Standard Book Number 2900201750804
041 ## - LANGUAGE CODE
Language code of text/sound track or separate title eng
080 ## - UNIVERSAL DECIMAL CLASSIFICATION NUMBER
Universal Decimal Classification number 61
082 ## - DEWEY DECIMAL CLASSIFICATION NUMBER
Classification number 61AND
100 ## - Rafti
Rafti 18
101 ## - Shkurtesa
Shkurtesa SHKP
245 ## - TITLE STATEMENT
Title ABAP OBJECTS
Statement of responsibility, etc KELLER H
942 ## - ADDED ENTRY ELEMENTS (KOHA)
Source of classification or shelving scheme
Item type Books

No items available.

UBT Library © 2015-2024. All rights reserved University Education for Business and Technology